La Vendimia /
Descripción Física:
Il·lustracions
Colección:
San Jorge,
; núm. 20 (octubre 1955), pàg 17-24
Materias:
Vinicultura
Idioma:
Español
MARC
| LEADER | 00000naa a2200000 a 4500 | ||
|---|---|---|---|
| 003 | Arxiu | ||
| 005 | 20260324181043.0 | ||
| 008 | 160829s1955 spcaxx s spa c | ||
| 040 | |a AGDB | ||
| 100 | 1 | |a Badosa, Enrique, |d 1927-2021 |9 31045 | |
| 245 | 1 | 3 | |a La Vendimia / |c Enrique Badosa |
| 300 | |b Il·lustracions | ||
| 490 | |a San Jorge, |v núm. 20 (octubre 1955), pàg 17-24 | ||
| 500 | |a Fotografies: F. Català-Roca, il·lustracions: Guinovart | ||
| 590 | |a Conté nou fotografies. | ||
| 650 | 0 | |a Vinicultura |9 30930 | |
| 700 | 1 | |9 26722 |a Català-Roca, Francesc, |d 1922-1998 |e fotografies | |
| 700 | 1 | |a Guinovart, Josep, |d 1927-2007 |e il·lustracions |9 42256 | |
| 773 | |g Núm. 20 (octubre 1955), pàg 17-24 |t San Jorge. | ||
| 901 | |a Arxiu | ||
| 942 | |n 1 |2 udc |c ART | ||
| 952 | |0 0 |1 0 |4 0 |6 REV510 |7 1 |9 65278 |a Arxiu |b Arxiu |d 2023-02-14 |l 0 |o Rev-510 |r 2023-02-14 00:00:00 |w 2023-02-14 |y ARXIU |z També disponible a Rev-524 | ||
| 999 | |c 49940 |d 49940 | ||